<?xml version="1.0" encoding="UTF-8"?>
<record
    xmlns:xsi="http://www.w3.org/2001/XMLSchema-instance"
    xsi:schemaLocation="http://www.loc.gov/MARC21/slim http://www.loc.gov/standards/marcxml/schema/MARC21slim.xsd"
    xmlns="http://www.loc.gov/MARC21/slim">

  <leader>00910nas a22002057a 4500</leader>
  <controlfield tag="003">NALT</controlfield>
  <controlfield tag="005">20211103151830.0</controlfield>
  <controlfield tag="008">170829b        th ||||| |||| 00| 0 tha d</controlfield>
  <datafield tag="022" ind1=" " ind2=" ">
    <subfield code="a">08591652</subfield>
  </datafield>
  <datafield tag="040" ind1=" " ind2=" ">
    <subfield code="a">NALT</subfield>
  </datafield>
  <datafield tag="041" ind1="0" ind2=" ">
    <subfield code="a">tha</subfield>
  </datafield>
  <datafield tag="245" ind1="1" ind2="0">
    <subfield code="a">&#xE40;&#xE2A;&#xE49;&#xE19;&#xE17;&#xE32;&#xE07;&#xE40;&#xE28;&#xE23;&#xE29;&#xE10;&#xE35;</subfield>
  </datafield>
  <datafield tag="260" ind1="3" ind2=" ">
    <subfield code="a">&#xE01;&#xE23;&#xE38;&#xE07;&#xE40;&#xE17;&#xE1E;&#xE2F; : </subfield>
    <subfield code="b">&#xE1A;&#xE23;&#xE34;&#xE29;&#xE31;&#xE17; &#xE21;&#xE15;&#xE34;&#xE0A;&#xE19; &#xE08;&#xE33;&#xE01;&#xE31;&#xE14; (&#xE21;&#xE2B;&#xE32;&#xE0A;&#xE19;)</subfield>
  </datafield>
  <datafield tag="310" ind1=" " ind2=" ">
    <subfield code="a">&#xE23;&#xE32;&#xE22;&#xE1B;&#xE31;&#xE01;&#xE29;&#xE4C;</subfield>
  </datafield>
  <datafield tag="500" ind1=" " ind2=" ">
    <subfield code="a">&#xE2B;&#xE22;&#xE38;&#xE14;&#xE1C;&#xE25;&#xE34;&#xE15;&#xE09;&#xE1A;&#xE31;&#xE1A;&#xE1E;&#xE34;&#xE21;&#xE1E;&#xE4C;&#xE41;&#xE25;&#xE30;&#xE1B;&#xE34;&#xE14;&#xE15;&#xE31;&#xE27; &#xE09;&#xE1A;&#xE31;&#xE1A;&#xE2A;&#xE38;&#xE14;&#xE17;&#xE49;&#xE32;&#xE22;&#xE04;&#xE37;&#xE2D; &#xE1B;&#xE35;&#xE17;&#xE35;&#xE48; 25 &#xE09;&#xE1A;&#xE31;&#xE1A;&#xE17;&#xE35;&#xE48; 448 &#xE1B;&#xE31;&#xE01;&#xE29;&#xE4C;&#xE41;&#xE23;&#xE01; 1 &#xE21;.&#xE04;. 2563</subfield>
  </datafield>
  <datafield tag="850" ind1=" " ind2=" ">
    <subfield code="a">NALT</subfield>
  </datafield>
  <datafield tag="866" ind1="3" ind2="1">
    <subfield code="a">&#xE1B;&#xE35;&#xE17;&#xE35;&#xE48; 25 &#xE09;&#xE1A;&#xE31;&#xE1A;&#xE17;&#xE35;&#xE48; 438-447 (&#xE21;&#xE35;.&#xE04;.-&#xE18;.&#xE04;. 2562), &#xE1B;&#xE35;&#xE17;&#xE35;&#xE48; 25 &#xE09;&#xE1A;&#xE31;&#xE1A;&#xE17;&#xE35;&#xE48; 448 (&#xE21;.&#xE04;. 2563)</subfield>
  </datafield>
  <datafield tag="942" ind1=" " ind2=" ">
    <subfield code="c">JNR</subfield>
    <subfield code="2">lcc</subfield>
    <subfield code="0">5</subfield>
  </datafield>
  <datafield tag="998" ind1=" " ind2=" ">
    <subfield code="b">jintana.i</subfield>
    <subfield code="d">2017-05-08 15:10:37.600</subfield>
    <subfield code="j">755</subfield>
    <subfield code="k"> &#xE08;&#xE34;&#xE19;&#xE15;&#xE19;&#xE32; &#xE40;&#xE2D;&#xE35;&#xE48;&#xE22;&#xE21;&#xE04;&#xE07;</subfield>
  </datafield>
  <datafield tag="999" ind1=" " ind2=" ">
    <subfield code="c">91951</subfield>
    <subfield code="d">91951</subfield>
  </datafield>
</record>
